[Event "CZE-chT2D 2223"]
[Site "Czech Republic"]
[Date "2023.02.05"]
[Round "8.2"]
[White "Cvetkovic, Dalibor"]
[Black "Ondracek, Ondrej"]
[Result "1/2-1/2"]
[WhiteElo "2146"]
[BlackElo "2103"]
[PlyCount "53"]
[EventDate "2022.10.16"]
[EventType "team-tourn"]
[EventRounds "11"]
[EventCountry "CZE"]
[SourceTitle "EXT 2024"]
[Source "ChessBase"]
[SourceDate "2023.10.10"]
[SourceVersion "1"]
[SourceVersionDate "2023.10.10"]
[SourceQuality "1"]
[WhiteTeam "Jihlava Gambit"]
[BlackTeam "Chotebor"]
[WhiteTeamCountry "CZE"]
[BlackTeamCountry "CZE"]

1. c4 c6 2. b3 d5 3. d4 Bf5 4. e3 Nf6 5. Nc3 e6 6. Bb2 Nbd7 7. Nf3 Bd6 8. Be2 0-0 9. 0-0 Re8 10. h3 h6 11. Re1 Rc8 12. Bd3 Bxd3 13. Qxd3 e5 14. dxe5 Nxe5 15. Nxe5 dxc4 16. Qxc4 Bxe5 17. Rad1 Qe7 18. Re2 Red8 19. Red2 Rxd2 20. Rxd2 Rd8 21. Qe2 Rxd2 22. Qxd2 Qd7 23. Qc2 Nd5 24. Qd3 Nf6 25. Qc2 Nd5 26. Qd3 Nf6 27. Qc2 1/2-1/2

[Event "Pardubice Region-chT 2223"]
[Site "Czech Republic"]
[Date "2023.01.29"]
[Round "7.2"]
[White "Nemec, Pavel"]
[Black "Ondracek, Ondrej"]
[Result "1-0"]
[WhiteElo "2164"]
[BlackElo "2113"]
[PlyCount "59"]
[EventDate "2022.10.09"]
[EventType "team-tourn"]
[EventRounds "11"]
[EventCountry "CZE"]
[SourceTitle "EXT 2024"]
[Source "ChessBase"]
[SourceDate "2023.10.10"]
[SourceVersion "1"]
[SourceVersionDate "2023.10.10"]
[SourceQuality "1"]

1. e4 e5 2. Nf3 Nc6 3. Bb5 a6 4. Ba4 Nf6 5. 0-0 b5 6. Bb3 Be7 7. Re1 d6 8. c3 Bg4 9. h3 Bh5 10. d3 Na5 11. Nbd2 Nxb3 12. axb3 c5 13. Nf1 h6 14. Ne3 Bxf3 15. Qxf3 g6 16. g4 h5 17. Kg2 Kf8 18. c4 hxg4 19. hxg4 b4 20. Bd2 Qc8 21. Rh1 Rg8 22. Qg3 Nh5 23. gxh5 gxh5 24. Qxg8+ Kxg8 25. Rxh5 Bf6 26. Rah1 Qe6 27. Nf5 Ra7 28. Kf1 Bg7 29. Rg1 f6 30. Bh6 1-0

[Event "CZE-chT2D 2223"]
[Site "Czech Republic"]
[Date "2022.10.16"]
[Round "1.2"]
[White "Ondracek, Ondrej"]
[Black "Winter, Ondrej"]
[Result "1-0"]
[WhiteElo "2103"]
[BlackElo "2205"]
[PlyCount "59"]
[EventDate "2022.10.16"]
[EventType "team-tourn"]
[EventRounds "11"]
[EventCountry "CZE"]
[SourceTitle "EXT 2024"]
[Source "ChessBase"]
[SourceDate "2023.10.10"]
[SourceVersion "1"]
[SourceVersionDate "2023.10.10"]
[SourceQuality "1"]
[WhiteTeam "Chotebor"]
[BlackTeam "Hradec Kralove Lipky"]
[WhiteTeamCountry "CZE"]
[BlackTeamCountry "CZE"]

1. e4 c6 2. d4 d5 3. exd5 cxd5 4. Bd3 Nc6 5. c3 Nf6 6. Bf4 g6 7. h3 Bg7 8. Nf3 Bf5 9. Bxf5 gxf5 10. Ne5 e6 11. Nd2 Ne4 12. Nd3 Qe7 13. Qe2 Rc8 14. f3 Nd6 15. g4 h5 16. Qh2 e5 17. dxe5 hxg4 18. 0-0-0 Nc4 19. fxg4 N4xe5 20. Nxe5 Nxe5 21. gxf5 Rh5 22. Nb3 Rxf5 23. Nd4 Rh5 24. Qg3 Kf8 25. Rhg1 f6 26. Qxg7+ Qxg7 27. Ne6+ Kf7 28. Nxg7 Rxh3 29. Bxe5 fxe5 30. Rxd5 1-0

[Event "CZE-chT1E 2122"]
[Site "Czech Republic"]
[Date "2022.03.27"]
[Round "11.4"]
[White "Sosna, Jan"]
[Black "Ondracek, Ondrej"]
[Result "1/2-1/2"]
[WhiteElo "2344"]
[BlackElo "2128"]
[PlyCount "45"]
[EventDate "2021.10.09"]
[EventType "team-tourn"]
[EventRounds "11"]
[EventCountry "CZE"]
[SourceTitle "EXT 2023"]
[Source "ChessBase"]
[SourceDate "2022.10.05"]
[SourceVersion "1"]
[SourceVersionDate "2022.10.05"]
[SourceQuality "1"]
[WhiteTeam "Vlcnov"]
[BlackTeam "Chotebor"]
[WhiteTeamCountry "CZE"]
[BlackTeamCountry "CZE"]

1. d4 d5 2. Nf3 e6 3. Bf4 Nf6 4. e3 c5 5. Be2 Nc6 6. 0-0 Bd6 7. dxc5 Bxc5 8. c4 0-0 9. Nc3 dxc4 10. Bxc4 Qxd1 11. Rfxd1 a6 12. Rac1 Bd7 13. Be2 Ba7 14. Nd2 Ne7 15. Nc4 Ned5 16. Nxd5 Nxd5 17. Bg3 Bb5 18. Bf3 Rac8 19. Na5 Rxc1 20. Rxc1 Nxe3 21. Nxb7 Nf5 22. Bf4 Nd4 23. Bd1 1/2-1/2

[Event "CZE-chT1E 2122"]
[Site "Czech Republic"]
[Date "2022.02.19"]
[Round "8.5"]
[White "Vaculik, Jakub"]
[Black "Ondracek, Ondrej"]
[Result "1-0"]
[WhiteElo "2175"]
[BlackElo "2128"]
[PlyCount "103"]
[EventDate "2021.10.09"]
[EventType "team-tourn"]
[EventRounds "11"]
[EventCountry "CZE"]
[SourceTitle "EXT 2023"]
[Source "ChessBase"]
[SourceDate "2022.10.05"]
[SourceVersion "1"]
[SourceVersionDate "2022.10.05"]
[SourceQuality "1"]
[WhiteTeam "Grygov Proclient"]
[BlackTeam "Chotebor"]
[WhiteTeamCountry "CZE"]
[BlackTeamCountry "CZE"]

1. c4 c5 2. Nc3 Nc6 3. g3 g6 4. Bg2 Bg7 5. a3 d6 6. Rb1 a5 7. d3 e5 8. Nf3 Nge7 9. 0-0 0-0 10. Bd2 h6 11. Ne1 Be6 12. Nc2 d5 13. cxd5 Nxd5 14. Ne3 Nce7 15. Ncxd5 Nxd5 16. Qc1 b6 17. Nxd5 Bxd5 18. Bxh6 Rc8 19. Bxg7 Kxg7 20. Qe3 Qd6 21. Bxd5 Qxd5 22. Rfc1 Rc6 23. Rc4 b5 24. Rh4 Rh8 25. Rxh8 Kxh8 26. Rc1 a4 27. f3 Kg7 28. Kf2 Kf6 29. h4 Qd4 30. Qxd4 exd4 31. e3 dxe3+ 32. Kxe3 Ke5 33. g4 Kd5 34. h5 gxh5 35. gxh5 Rh6 36. Rh1 Ke5 37. Rc1 Kd5 38. Rh1 Ke5 39. f4+ Kd5 40. Rh2 b4 41. Rh1 Re6+ 42. Kf3 Rh6 43. Kg4 f6 44. Rc1 bxa3 45. bxa3 Kd4 46. Rc4+ Kxd3 47. Rxc5 Rh8 48. Ra5 Ke4 49. Rxa4+ Kd5 50. Ra6 Rh6 51. Ra8 Ke6 52. a4 1-0

[Event "CZE-chT1E 2122"]
[Site "Czech Republic"]
[Date "2021.11.28"]
[Round "4.5"]
[White "Ondracek, Ondrej"]
[Black "Gibiec, Ernest"]
[Result "1/2-1/2"]
[WhiteElo "2128"]
[BlackElo "2113"]
[PlyCount "33"]
[EventDate "2021.10.09"]
[EventType "team-tourn"]
[EventRounds "11"]
[EventCountry "CZE"]
[SourceTitle "EXT 2023"]
[Source "ChessBase"]
[SourceDate "2022.10.05"]
[SourceVersion "1"]
[SourceVersionDate "2022.10.05"]
[SourceQuality "1"]
[WhiteTeam "Chotebor"]
[BlackTeam "Cesky Tesin"]
[WhiteTeamCountry "CZE"]
[BlackTeamCountry "CZE"]

1. e4 d6 2. d4 Nf6 3. Nc3 g6 4. Be3 Bg7 5. f3 0-0 6. Qd2 e5 7. d5 Nbd7 8. h4 a6 9. g4 h5 10. g5 Ne8 11. Nh3 c5 12. a4 b6 13. Bd3 Nc7 14. b3 Rb8 15. Qe2 Re8 16. Bc4 Nf8 17. Nf2 1/2-1/2

[Event "CZE-chT1E 2122"]
[Site "Czech Republic"]
[Date "2021.11.27"]
[Round "3.5"]
[White "Frolik, Martin"]
[Black "Ondracek, Ondrej"]
[Result "1/2-1/2"]
[WhiteElo "2151"]
[BlackElo "2128"]
[PlyCount "52"]
[EventDate "2021.10.09"]
[EventType "team-tourn"]
[EventRounds "11"]
[EventCountry "CZE"]
[SourceTitle "EXT 2023"]
[Source "ChessBase"]
[SourceDate "2022.10.05"]
[SourceVersion "1"]
[SourceVersionDate "2022.10.05"]
[SourceQuality "1"]
[WhiteTeam "Trinec"]
[BlackTeam "Chotebor"]
[WhiteTeamCountry "CZE"]
[BlackTeamCountry "CZE"]

1. d4 d5 2. c4 c6 3. Nf3 Nf6 4. Nc3 e6 5. cxd5 exd5 6. Bg5 Be7 7. e3 h6 8. Bxf6 Bxf6 9. Qc2 Be6 10. Bd3 Nd7 11. 0-0 0-0 12. b4 a5 13. bxa5 Rxa5 14. Rab1 Qa8 15. a4 Be7 16. Rfd1 Ra7 17. Bh7+ Kh8 18. Bf5 Bxf5 19. Qxf5 Qd8 20. h3 Bd6 21. Rb3 Qe7 22. Qb1 b6 23. e4 dxe4 24. Qxe4 Qxe4 25. Nxe4 Be7 26. Nc3 Bf6 1/2-1/2

[Event "CZE-chT1E 2122"]
[Site "Czech Republic"]
[Date "2021.10.09"]
[Round "1.6"]
[White "Ondracek, Ondrej"]
[Black "Stancik, Jakub"]
[Result "0-1"]
[WhiteElo "2128"]
[BlackElo "2070"]
[PlyCount "86"]
[EventDate "2021.10.09"]
[EventType "team-tourn"]
[EventRounds "11"]
[EventCountry "CZE"]
[SourceTitle "EXT 2023"]
[Source "ChessBase"]
[SourceDate "2022.10.05"]
[SourceVersion "1"]
[SourceVersionDate "2022.10.05"]
[SourceQuality "1"]
[WhiteTeam "Chotebor"]
[BlackTeam "Vsetin"]
[WhiteTeamCountry "CZE"]
[BlackTeamCountry "CZE"]

1. e4 c5 2. Nf3 Nc6 3. d4 cxd4 4. Nxd4 e5 5. Nb5 d6 6. a4 Be7 7. N1c3 a6 8. Na3 Nf6 9. Bg5 0-0 10. Bxf6 Bxf6 11. Nd5 Be6 12. Bc4 Rc8 13. c3 Bg5 14. 0-0 Kh8 15. Qe2 Qe8 16. Nb6 Rd8 17. Bd5 f5 18. exf5 Bxf5 19. f3 Rf6 20. Be4 Be6 21. Rad1 Rh6 22. g3 Qh5 23. Nac4 Ne7 24. g4 Qh3 25. Rf2 Bxc4 26. Nxc4 Nc6 27. Ne3 Bxe3 28. Qxe3 Rf8 29. Qg5 Rhf6 30. b4 Nd8 31. Qe3 Qh4 32. c4 h6 33. b5 a5 34. Rfd2 Nf7 35. Bxb7 Ng5 36. Rf1 Qh3 37. Rdf2 Rf4 38. c5 e4 39. Bxe4 Rxe4 40. Qd3 Ref4 41. c6 Rxf3 42. Qc4 Rxf2 43. Rxf2 Qe3 0-1

[Event "CZE-chT2D 1920"]
[Site "Czech Republic"]
[Date "2020.01.12"]
[Round "6.3"]
[White "Kosek, Jiri"]
[Black "Ondracek, Ondrej"]
[Result "1/2-1/2"]
[WhiteElo "2077"]
[BlackElo "2123"]
[PlyCount "92"]
[EventDate "2019.10.13"]
[EventType "team-tourn"]
[EventRounds "11"]
[EventCountry "CZE"]
[SourceTitle "EXT 2024"]
[Source "ChessBase"]
[SourceDate "2023.10.10"]
[SourceVersion "1"]
[SourceVersionDate "2023.10.10"]
[SourceQuality "1"]
[WhiteTeam "Vysoke Myto"]
[BlackTeam "Chotebor"]
[WhiteTeamCountry "CZE"]
[BlackTeamCountry "CZE"]

1. d4 d5 2. Nf3 Nf6 3. c4 e6 4. Nc3 c6 5. e3 Nbd7 6. Bd3 Bd6 7. 0-0 Qe7 8. e4 dxc4 9. Bxc4 e5 10. d5 Nb6 11. dxc6 bxc6 12. Be2 0-0 13. Qc2 Be6 14. b3 Rac8 15. Bb2 Ne8 16. Bd3 f6 17. Rac1 g6 18. Qe2 Ng7 19. Nd2 Qf7 20. Rfd1 Rfd8 21. Rc2 Nh5 22. g3 Kh8 23. Rdc1 Ng7 24. Nd1 Qd7 25. Ba6 Rc7 26. Ne3 f5 27. Nf3 f4 28. Nxe5 Bxe5 29. Bxe5 fxe3 30. Qxe3 Rcc8 31. Bxc8 Rxc8 32. Rd2 Qe7 33. Rcd1 Kg8 34. Bb2 c5 35. Rd6 Ne8 36. R6d2 c4 37. Qc3 Qg7 38. Qxg7+ Nxg7 39. Rd8+ Ne8 40. Rxc8 Bxc8 41. Rd8 Kf7 42. bxc4 Ke7 43. Rd4 Nc7 44. Ba3+ Ke8 45. c5 Ne6 46. Rd1 Nc4 1/2-1/2

[Event "CZE-chT2D 1920"]
[Site "Czech Republic"]
[Date "2019.11.17"]
[Round "3.3"]
[White "Ondracek, Ondrej"]
[Black "Fisar, Josef"]
[Result "1/2-1/2"]
[WhiteElo "2123"]
[BlackElo "2063"]
[PlyCount "141"]
[EventDate "2019.10.13"]
[EventType "team-tourn"]
[EventRounds "11"]
[EventCountry "CZE"]
[SourceTitle "EXT 2024"]
[Source "ChessBase"]
[SourceDate "2023.10.10"]
[SourceVersion "1"]
[SourceVersionDate "2023.10.10"]
[SourceQuality "1"]
[WhiteTeam "Chotebor"]
[BlackTeam "Zdar nad Sazavou"]
[WhiteTeamCountry "CZE"]
[BlackTeamCountry "CZE"]

1. e4 c5 2. Nf3 d6 3. d4 cxd4 4. Nxd4 Nf6 5. Nc3 a6 6. g3 g6 7. Bg2 Bg7 8. 0-0 0-0 9. h3 Bd7 10. Kh2 Nc6 11. Nde2 Rc8 12. Nd5 Nxd5 13. exd5 Ne5 14. c3 b5 15. f4 Nc4 16. b3 Nb6 17. Bb2 Rc5 18. Ba3 Rc7 19. Bb4 Qa8 20. Ba5 Qb7 21. Rc1 Rc5 22. Bb4 Rxd5 23. Bxd5 Nxd5 24. Qd2 Nxb4 25. cxb4 h5 26. Qe3 Bf5 27. Nd4 Bxd4 28. Qxd4 Rc8 29. Rc3 Rxc3 30. Qxc3 Qd7 31. h4 Qa7 32. Qd2 Bc8 33. Re1 Qd7 34. Kg1 Bb7 35. Kh2 Qc6 36. a4 bxa4 37. bxa4 e6 38. a5 Kf8 39. Rc1 Qe4 40. Qxd6+ Kg8 41. Qd8+ Kh7 42. Qd2 Kg8 43. Re1 Qf3 44. Qe2 Qc6 45. Rg1 Qc3 46. Rb1 Qc6 47. Kh3 Kh7 48. Qd2 Qf3 49. Rg1 Qc6 50. Kh2 Qe4 51. Rf1 Qc6 52. Rg1 Qe4 53. Ra1 Qc6 54. Qb2 Qd5 55. Rg1 Qe4 56. Qd2 Qc6 57. Qb2 Qe4 58. Ra1 Qc6 59. Kh3 Qf3 60. Rc1 Qd5 61. Kh2 Qf3 62. Re1 Qd5 63. Rg1 Qe4 64. Qd2 Qc6 65. Ra1 Qf3 66. Qb2 Qe4 67. Rg1 Qd5 68. Re1 Qf3 69. Rc1 Qe4 70. Rg1 Qd5 71. Ra1 1/2-1/2

[Event "CZE-chT2D 1920"]
[Site "Czech Republic"]
[Date "2019.11.03"]
[Round "2.3"]
[White "Kracik, Tomas"]
[Black "Ondracek, Ondrej"]
[Result "0-1"]
[WhiteElo "2231"]
[BlackElo "2123"]
[PlyCount "76"]
[EventDate "2019.10.13"]
[EventType "team-tourn"]
[EventRounds "11"]
[EventCountry "CZE"]
[SourceTitle "EXT 2024"]
[Source "ChessBase"]
[SourceDate "2023.10.10"]
[SourceVersion "1"]
[SourceVersionDate "2023.10.10"]
[SourceQuality "1"]
[WhiteTeam "Hradec Kralove Slavia"]
[BlackTeam "Chotebor"]
[WhiteTeamCountry "CZE"]
[BlackTeamCountry "CZE"]

1. e4 e5 2. Nf3 Nc6 3. Bc4 Bc5 4. c3 Nf6 5. d3 d6 6. Nbd2 Bb6 7. Bb3 Be6 8. Bxe6 fxe6 9. Qb3 Qd7 10. Nc4 0-0 11. Be3 Kh8 12. Bxb6 axb6 13. Ne3 Nh5 14. 0-0-0 Nf4 15. Rd2 Nxg2 16. Nxg2 Rxf3 17. Ne1 Rh3 18. f3 Ne7 19. Rg1 Ng6 20. Rg3 Rh6 21. d4 Qf7 22. Nd3 exd4 23. cxd4 Nf4 24. Kb1 Nxd3 25. Qxd3 Rg6 26. Rdg2 Rxg3 27. Rxg3 Qd7 28. a3 Rf8 29. Qc3 d5 30. Qe3 h6 31. Ka1 c6 32. Rg4 Qf7 33. exd5 exd5 34. Qe5 b5 35. f4 Qf6 36. Qe3 Qf5 37. Qg1 Rf7 38. h3 Re7 0-1

[Event "CZE-chT2D 1819"]
[Site "Czech Republic"]
[Date "2019.03.31"]
[Round "11.5"]
[White "Ondracek, Ondrej"]
[Black "Vesely, Tomas"]
[Result "1-0"]
[WhiteElo "2117"]
[BlackElo "2076"]
[PlyCount "129"]
[EventDate "2018.10.14"]
[EventType "team-tourn"]
[EventRounds "11"]
[EventCountry "CZE"]
[SourceTitle "EXT 2022"]
[Source "ChessBase"]
[SourceDate "2021.10.06"]
[SourceVersion "1"]
[SourceVersionDate "2021.10.06"]
[SourceQuality "1"]
[WhiteTeam "Chotebor"]
[BlackTeam "Pardubice Rapid"]
[WhiteTeamCountry "CZE"]
[BlackTeamCountry "CZE"]

1. e4 e6 2. d4 c5 3. Nf3 cxd4 4. Nxd4 a6 5. g3 d5 6. Nf3 Qa5+ 7. Bd2 Qb6 8. Bd3 dxe4 9. Bxe4 Nf6 10. Bd3 Qxb2 11. Nc3 Bb4 12. Rb1 Qa3 13. Rb3 Qa5 14. 0-0 Nc6 15. a3 Be7 16. Qb1 Qh5 17. Be2 Ng4 18. Kg2 Nd4 19. h3 Nxe2 20. Nxe2 Nf6 21. Nf4 Qf5 22. g4 Nxg4 23. hxg4 Qxg4+ 24. Kh1 g5 25. Ng2 b5 26. Nh2 Qh5 27. Qd1 Qg6 28. Qf3 Ra7 29. Qc6+ Bd7 30. Qb6 Ra8 31. Qb7 Rc8 32. Rd3 0-0 33. Rxd7 Bxa3 34. Qxa6 b4 35. Rb7 Rxc2 36. Bxb4 Bxb4 37. Rxb4 Rfc8 38. Rb2 R8c6 39. Qa8+ Rc8 40. Rb8 Rxb8 41. Qxb8+ Kg7 42. Qe5+ Qf6 43. Qg3 Rc3 44. Qg4 Qf5 45. Qxf5 exf5 46. f4 h6 47. fxg5 hxg5 48. Rxf5 Rc1+ 49. Nf1 Kg6 50. Nge3 Ra1 51. Kg2 f6 52. Ng3 Ra3 53. Kf3 Ra4 54. Ne4 Ra6 55. Rb5 Re6 56. Ng4 f5 57. Ne5+ Kh6 58. Nf7+ Kg6 59. Nexg5 Ra6 60. Kf4 Ra4+ 61. Ke5 Ra6 62. Rb4 Ra1 63. Rb6+ Kh5 64. Kf4 Rf1+ 65. Nf3 1-0

[Event "CZE-chT2D 1819"]
[Site "Czech Republic"]
[Date "2018.12.16"]
[Round "5.5"]
[White "Ondracek, Ondrej"]
[Black "Sysel, Jiri"]
[Result "1-0"]
[WhiteElo "2117"]
[BlackElo "1993"]
[PlyCount "73"]
[EventDate "2018.10.14"]
[EventType "team-tourn"]
[EventRounds "11"]
[EventCountry "CZE"]
[SourceTitle "EXT 2022"]
[Source "ChessBase"]
[SourceDate "2021.10.06"]
[SourceVersion "1"]
[SourceVersionDate "2021.10.06"]
[SourceQuality "1"]
[WhiteTeam "Chotebor"]
[BlackTeam "Orechov"]
[WhiteTeamCountry "CZE"]
[BlackTeamCountry "CZE"]

1. e4 c5 2. Nf3 d6 3. d4 cxd4 4. Nxd4 Nf6 5. Nc3 a6 6. g3 e5 7. Nde2 Be7 8. Bg2 Nbd7 9. 0-0 b5 10. h3 0-0 11. g4 b4 12. Nd5 Nxd5 13. Qxd5 Nb6 14. Qa5 Bb7 15. Ng3 d5 16. Nf5 Nc4 17. Qxd8 Bxd8 18. exd5 g6 19. Ng3 Bh4 20. a3 bxa3 21. b3 Nb6 22. c4 Be7 23. Bxa3 Bxa3 24. Rxa3 Rac8 25. Re1 Nd7 26. Ne4 f6 27. Nd6 Rc7 28. Rb1 Rb8 29. Ra5 Kf8 30. Kh2 Kg7 31. Nxb7 Rcxb7 32. Rxa6 Nc5 33. Rc6 Nxb3 34. d6 Kf8 35. Rc8+ Rxc8 36. Bxb7 Nd2 37. Rd1 1-0

[Event "CZE-chT2D 1718"]
[Site "Czech Republic"]
[Date "2018.02.11"]
[Round "8.5"]
[White "Ondracek, Ondrej"]
[Black "Sohr, Vladimir"]
[Result "1/2-1/2"]
[WhiteElo "2096"]
[BlackElo "2119"]
[PlyCount "46"]
[EventDate "2017.10.15"]
[EventType "team-tourn"]
[EventRounds "11"]
[EventCountry "CZE"]
[SourceTitle "EXT 2022"]
[Source "ChessBase"]
[SourceDate "2021.10.06"]
[SourceVersion "1"]
[SourceVersionDate "2021.10.06"]
[SourceQuality "1"]
[WhiteTeam "Chotebor"]
[BlackTeam "Velke Losiny"]
[WhiteTeamCountry "CZE"]
[BlackTeamCountry "CZE"]

1. e4 c5 2. Nf3 Nc6 3. d4 cxd4 4. Nxd4 Nf6 5. Nc3 g6 6. Nxc6 dxc6 7. Qxd8+ Kxd8 8. f4 Bg7 9. e5 Nd5 10. Nxd5 cxd5 11. Be3 Be6 12. 0-0-0 Kc7 13. Be2 h5 14. Bf3 Rad8 15. Kb1 g5 16. g3 Bg4 17. Rhf1 Bxf3 18. Rxf3 g4 19. Rff1 f5 20. Bf2 e6 21. Rh1 Bf8 22. h3 Be7 23. h4 b6 1/2-1/2

[Event "CZE-chT rap"]
[Site "Pardubice"]
[Date "2015.07.18"]
[Round "4.5"]
[White "Ondracek, Ondrej"]
[Black "Butkiewicz, Lukasz"]
[Result "0-1"]
[WhiteElo "2130"]
[BlackElo "2436"]
[PlyCount "114"]
[EventDate "2015.07.16"]
[EventType "team-swiss"]
[EventRounds "7"]
[EventCountry "CZE"]
[SourceTitle "CBM 167 Extra"]
[Source "ChessBase"]
[SourceDate "2015.09.14"]
[SourceVersion "1"]
[SourceVersionDate "2015.09.14"]
[SourceQuality "1"]

1. e4 c5 2. Nf3 e6 3. d4 cxd4 4. Nxd4 Nc6 5. g3 d6 6. Bg2 a6 7. Nxc6 bxc6 8. c4 e5 9. Nc3 Nf6 10. h3 Be7 11. 0-0 0-0 12. Kh2 Nd7 13. Na4 Qc7 14. b3 Rd8 15. Be3 c5 16. Nc3 Bb7 17. h4 Nf8 18. Bh3 Ne6 19. Bxe6 fxe6 20. Qg4 Bc8 21. Qh5 Bf6 22. Rfd1 Bb7 23. Qg4 Qe7 24. Rd2 Rf8 25. Rad1 Rad8 26. Kg1 Kh8 27. a4 Bc6 28. f3 Rd7 29. a5 Rb8 30. Rb2 Rdb7 31. Rdb1 Bd7 32. Qh5 Qf8 33. Kg2 Bd8 34. Ne2 Bxa5 35. Ra1 Bd8 36. Rxa6 Rxb3 37. Rxb3 Rxb3 38. Kf2 Be7 39. Ra7 Bc6 40. Qg4 Rb7 41. Ra6 Bd7 42. Qh5 Kg8 43. Ng1 Qc8 44. Qg4 h5 45. Qh3 Rb2+ 46. Ne2 Qb8 47. Bc1 Rc2 48. Bg5 Qb7 49. Ra5 Bxg5 50. hxg5 Rxe2+ 51. Kxe2 Qb2+ 52. Kf1 Qc1+ 53. Ke2 Qc2+ 54. Kf1 Qd1+ 55. Kg2 Qd2+ 56. Kf1 Qxa5 57. Qxh5 Qd8 0-1

[Event "CZE-chT2C 0910"]
[Site "Czech Republic"]
[Date "2009.11.22"]
[Round "3.4"]
[White "Ondracek, Ondrej"]
[Black "Polak, Benedikt"]
[Result "1/2-1/2"]
[WhiteElo "2166"]
[BlackElo "2083"]
[PlyCount "55"]
[EventDate "2009.10.18"]
[EventType "team-tourn"]
[EventRounds "11"]
[EventCountry "CZE"]
[SourceTitle "EXT 2011"]
[Source "ChessBase"]
[SourceDate "2010.11.26"]
[SourceVersion "1"]
[SourceVersionDate "2010.11.26"]
[SourceQuality "1"]
[WhiteTeam "Kutna Hora"]
[BlackTeam "Liberec"]
[WhiteTeamCountry "CZE"]
[BlackTeamCountry "CZE"]

1. e4 c5 2. Nf3 d6 3. d4 cxd4 4. Nxd4 Nf6 5. Nc3 Nc6 6. g3 g6 7. Nde2 Bg7 8. Bg2 0-0 9. 0-0 Rb8 10. h3 b5 11. Nd5 Nd7 12. c3 e6 13. Nb4 Nxb4 14. cxb4 Ne5 15. Nd4 Qb6 16. Nb3 Nc4 17. Rb1 Bb7 18. Qe2 Rbc8 19. Na1 Qa6 20. a3 h6 21. Rd1 Rfd8 22. Nb3 Qb6 23. Kh2 a6 24. h4 Qc7 25. Be3 d5 26. exd5 Bxd5 27. Bxd5 exd5 28. Bd4 1/2-1/2